|
|
|
|
| LEADER |
00000nam a2200000 i 4500 |
| 001 |
1/92583 |
| 008 |
080828s2004 eng d |
| 020 |
|
|
|a 0-340-80733-4
|
| 035 |
|
|
|l 10099681
|
| 040 |
|
|
|a GR-MY-UA
|b gre
|e aacr
|
| 041 |
0 |
|
|a eng
|
| 082 |
0 |
|
|a 302.230941
|2 (22)
|
| 100 |
1 |
|
|a Sarikakis, Katharine
|d 1970-
|
| 245 |
1 |
0 |
|a British media in a global era /
|c Katharine Sarikakis
|
| 260 |
|
|
|a London :
|b Arnold,
|c 2004
|
| 300 |
|
|
|a xiii, 128 σ.;
|b εικ.;
|c 24 εκ.
|
| 504 |
|
|
|a Βιβλιογραφία: σ. 114-121
|
| 504 |
|
|
|a Ευρετήριο: σ. 122-128
|
| 650 |
0 |
0 |
|a Mass media
|z Great Britain.
|
| 650 |
0 |
0 |
|a Communication
|x International cooperation.
|
| 650 |
0 |
0 |
|a Mass media policy
|z Great Britain.
|
| 852 |
|
|
|a INST
|b LESVOS
|e 20080828
|h 302.230941 SAR
|p 005100042976
|q 005100042976
|t BK
|y 0
|
| 901 |
|
|
|a BIBL1-2008-2
|
| 909 |
|
|
|a Λ
|b 151069
|
| 922 |
|
|
|a 1ΕΛΗ
|b 200802
|c ΕΠΕΑΕΚ2/ΤΓ
|d ΕΛΕΥΘΕΡΟΥΔΑΚΗΣ
|
| 970 |
|
|
|a ΚΑΡΑ
|b ΓΙΑΣΕΜΗ
|z 2008/08/28
|